Urban design : (Record no. 352253)

000 -LEADER
fixed length control field 02066 a2200277 4500
003 - CONTROL NUMBER IDENTIFIER
control field OSt
005 - DATE AND TIME OF LATEST TRANSACTION
control field 20180116192328.0
008 - FIXED-LENGTH DATA ELEMENTS--GENERAL INFORMATION
fixed length control field 120508t xxu||||| |||| 00| 0 eng d
020 ## - INTERNATIONAL STANDARD BOOK NUMBER
International Standard Book Number 0750657170 (paperback)
020 ## - INTERNATIONAL STANDARD BOOK NUMBER
International Standard Book Number 9780750657174 (paperback)
040 ## - CATALOGING SOURCE
Transcribing agency 0
082 04 - DEWEY DECIMAL CLASSIFICATION NUMBER
Classification number 711.4
100 1# - MAIN ENTRY--PERSONAL NAME
Personal name Moughtin, Cliff
9 (RLIN) 1277
245 10 - TITLE STATEMENT
Title Urban design :
Remainder of title street and square, third edition /
Statement of responsibility, etc. Cliff Moughtin.
250 ## - EDITION STATEMENT
Edition statement 3nd ed.
260 ## - PUBLICATION, DISTRIBUTION, ETC.
Place of publication, distribution, etc. Boston
Name of publisher, distributor, etc. Architectural Press,
Date of publication, distribution, etc. 2003.
300 ## - PHYSICAL DESCRIPTION
Extent xiv,300 p. ;
Other physical details ill;.
Dimensions 21 cm.
500 ## - GENERAL NOTE
General note Includes index
520 ## - SUMMARY, ETC.
Summary, etc. This book, part of a series of four, offers a detailed analysis of urban design, covering the streets, squares and buildings that make up the public face of towns and cities. It outlines the theory of the principal features of urban design from which method is developed and provides a better understanding of the main elements of urban design. This includes the arrangement, design and details of the streets and squares, and the roles they play in city planning. This third edition includes chapters on "Sustainable Urban Design" and "Visual Analysis", introducing the latest theories and influences in the field and bringing greater practical significance to the book. Cliff Moughtin explores the street and square in terms of function, structure and symbolism and examines fine examples in their historical context. These are set against the background of the laws of urban design composition, culled from Renaissance and modern writers. * Gain an understanding of the detail of urban design from towns and buildings to squares and streets * Learn from examples in their historical context and see the evolution of urban design * New case studies help relate theory to practice.
650 ## - SUBJECT ADDED ENTRY--TOPICAL TERM
Topical term or geographic name entry element City planning
9 (RLIN) 1278
650 ## - SUBJECT ADDED ENTRY--TOPICAL TERM
Topical term or geographic name entry element Plazas
General subdivision Design
9 (RLIN) 1279
650 ## - SUBJECT ADDED ENTRY--TOPICAL TERM
Topical term or geographic name entry element Streets
General subdivision Design
9 (RLIN) 1280
856 40 - ELECTRONIC LOCATION AND ACCESS
Materials specified Amazon.com
Uniform Resource Identifier <a href="http://www.amazon.com/exec/obidos/ASIN/0750657170/chopaconline-20">http://www.amazon.com/exec/obidos/ASIN/0750657170/chopaconline-20</a>
942 ## - ADDED ENTRY ELEMENTS (KOHA)
Institution code [OBSOLETE] SADA
Koha item type Book
Call number prefix 711.4 MOU 2003
Source of classification or shelving scheme
Holdings
Withdrawn status Lost status Source of classification or shelving scheme Damaged status Not for loan Permanent Location Current Location Date acquired Total Checkouts Total Renewals Full call number Barcode Date last seen Date last checked out Cost, replacement price Price effective from Koha item type
          School of Art Design and Architecture (SADA) School of Art Design and Architecture (SADA) 10/04/2010 17 6 711.4 MOU 2003 SADA0000375 10/06/2015 09/10/2015 3681.00 08/05/2011 Book
© 2023 Central Library, National University of Sciences and Technology. All Rights Reserved.